[Event "Ruhrgebiet Verbandsklasse Gruppe 2 1819"]
[Site "Nordrheinwestfalen"]
[Date "2018.10.07"]
[Round "2.2"]
[White "Krimphoff, Ingo"]
[Black "Landau, Christian"]
[Result "1/2-1/2"]
[WhiteElo "1930"]
[BlackElo "2048"]
[PlyCount "30"]
[EventDate "2018.09.23"]
[EventType "team-tourn"]
[EventRounds "9"]
[EventCountry "GER"]
[SourceTitle "EXT 2022"]
[Source "ChessBase"]
[SourceDate "2021.10.06"]
[SourceVersion "1"]
[SourceVersionDate "2021.10.06"]
[SourceQuality "1"]
[WhiteTeam "Kupferdreh Germania"]
[BlackTeam "Steele/Kray Rochade"]
[WhiteTeamCountry "GER"]
[BlackTeamCountry "GER"]

1. Nf3 g6 2. d4 Bg7 3. Bg5 c5 4. c3 Qb6 5. Qc2 d5 6. dxc5 Qxc5 7. Nbd2 Nf6 8. e4 Nxe4 9. Nxe4 dxe4 10. Qxe4 Nc6 11. Qe3 Qxe3+ 12. Bxe3 Bg4 13. Be2 0-0 14. 0-0 Ne5 15. Rfd1 b6 1/2-1/2

[Event "Ruhrgebiet Verbandsklasse Gruppe 2 1819"]
[Site "Nordrheinwestfalen"]
[Date "2018.09.23"]
[Round "1.2"]
[White "Hein, Erwin"]
[Black "Krimphoff, Ingo"]
[Result "1/2-1/2"]
[WhiteElo "2001"]
[BlackElo "1930"]
[PlyCount "71"]
[EventDate "2018.09.23"]
[EventType "team-tourn"]
[EventRounds "9"]
[EventCountry "GER"]
[SourceTitle "EXT 2022"]
[Source "ChessBase"]
[SourceDate "2021.10.06"]
[SourceVersion "1"]
[SourceVersionDate "2021.10.06"]
[SourceQuality "1"]
[WhiteTeam "Dortmund FS"]
[BlackTeam "Kupferdreh Germania"]
[WhiteTeamCountry "GER"]
[BlackTeamCountry "GER"]

1. d4 d5 2. Nf3 c6 3. c4 Nf6 4. Nc3 dxc4 5. a4 Bf5 6. e3 e6 7. Bxc4 Bb4 8. 0-0 0-0 9. Qb3 Qe7 10. Ne5 a5 11. Bd3 Na6 12. Qc2 Bxd3 13. Qxd3 Bd6 14. Nc4 Nb4 15. Qe2 Bc7 16. e4 e5 17. Be3 exd4 18. Bxd4 Rfe8 19. Rfe1 Rad8 20. Rad1 Qe6 21. Bxf6 Qxf6 22. g3 Qe6 23. Ne3 Bb6 24. Nc4 Bc7 25. Kg2 Nc2 26. Qxc2 Qxc4 27. Re2 Be5 28. Rxd8 Rxd8 29. Rd2 Rxd2 30. Qxd2 h6 31. Qd8+ Kh7 32. Qxa5 Bxc3 33. bxc3 Qxe4+ 34. Kg1 Qe1+ 35. Kg2 Qe4+ 36. Kg1 1/2-1/2

[Event "Ruhrgebiet Verbandsklasse Gruppe 2 1718"]
[Site "Germany"]
[Date "2017.11.05"]
[Round "3.2"]
[White "Krimphoff, Ingo"]
[Black "Koenig, Christian"]
[Result "0-1"]
[WhiteElo "1936"]
[BlackElo "1973"]
[PlyCount "62"]
[EventDate "2017.09.17"]
[EventType "team-tourn"]
[EventRounds "9"]
[EventCountry "GER"]
[SourceTitle "EXT 2022"]
[Source "ChessBase"]
[SourceDate "2021.10.06"]
[SourceVersion "1"]
[SourceVersionDate "2021.10.06"]
[SourceQuality "1"]
[WhiteTeam "Essen SK Germania Kupferdreh"]
[BlackTeam "Dortmund Matt Inn"]
[WhiteTeamCountry "GER"]
[BlackTeamCountry "GER"]

1. Nf3 Nf6 2. d4 g6 3. Bf4 Bg7 4. e3 d6 5. Be2 0-0 6. h3 Nfd7 7. 0-0 e5 8. Bh2 e4 9. Nfd2 f5 10. c4 Nc6 11. Nc3 Nf6 12. Rb1 Ne7 13. b4 g5 14. Qc2 Ng6 15. f3 exf3 16. Nxf3 Qe7 17. Nd1 g4 18. Nd2 Bh6 19. Bd3 gxh3 20. Rf3 hxg2 21. Bxf5 Bxf5 22. Qxf5 Nh4 23. Rg3+ Kh8 24. Qd3 Rae8 25. Rh3 Ng4 26. Bg3 Nf5 27. Kxg2 Bxe3 28. Nxe3 Ngxe3+ 29. Kg1 Nxg3 30. Rxg3 Qh4 31. Nf1 Rxf1+ 0-1

[Event "Ruhrgebiet Verbandsklasse Gruppe 2 1516"]
[Site "Germany"]
[Date "2016.04.24"]
[Round "9.2"]
[White "Butschek, Marc"]
[Black "Krimphoff, Ingo"]
[Result "1-0"]
[WhiteElo "1988"]
[BlackElo "1926"]
[PlyCount "89"]
[EventDate "2015.09.06"]
[EventType "team-tourn"]
[EventRounds "9"]
[EventCountry "GER"]
[SourceTitle "EXT 2022"]
[Source "ChessBase"]
[SourceDate "2021.10.06"]
[SourceVersion "1"]
[SourceVersionDate "2021.10.06"]
[SourceQuality "1"]
[WhiteTeam "Bochum SG IV"]
[BlackTeam "Essen SK Germania Kupferdreh"]
[WhiteTeamCountry "GER"]
[BlackTeamCountry "GER"]

1. e4 c6 2. c4 d5 3. cxd5 cxd5 4. exd5 Nf6 5. Nc3 Nxd5 6. d4 e6 7. Nf3 Be7 8. Bc4 Nf6 9. 0-0 0-0 10. Bg5 Nc6 11. a3 b6 12. Qd3 Bb7 13. Rfd1 Rc8 14. Rac1 h6 15. Bh4 Nd5 16. Bxe7 Ncxe7 17. Ba2 Nxc3 18. bxc3 Qd6 19. c4 Rfd8 20. Bb1 g6 21. Qe3 Kg7 22. h4 h5 23. Ne5 Nf5 24. Qg5 Qe7 25. Bxf5 Qxg5 26. hxg5 exf5 27. f4 Rd6 28. Kf2 Rcd8 29. d5 f6 30. gxf6+ Kxf6 31. a4 Rc8 32. Rc3 Rxd5 33. cxd5 Rxc3 34. d6 Rc8 35. d7 Rd8 36. Rd6+ Ke7 37. Rxg6 Be4 38. Rh6 Rb8 39. Rxh5 a6 40. Rh7+ Ke6 41. Rh1 Rg8 42. Rh6+ Ke7 43. Rh7+ Kf6 44. Nf7 Kg6 45. Rh8 1-0

[Event "Ruhrgebiet Verbandsklasse Gruppe 2 1516"]
[Site "Germany"]
[Date "2015.09.27"]
[Round "2.2"]
[White "Krimphoff, Ingo"]
[Black "Topolewski, Dirk"]
[Result "1/2-1/2"]
[WhiteElo "1920"]
[BlackElo "2134"]
[PlyCount "129"]
[EventDate "2015.09.06"]
[EventType "team-tourn"]
[EventRounds "9"]
[EventCountry "GER"]
[SourceTitle "EXT 2022"]
[Source "ChessBase"]
[SourceDate "2021.10.06"]
[SourceVersion "1"]
[SourceVersionDate "2021.10.06"]
[SourceQuality "1"]
[WhiteTeam "Essen SK Germania Kupferdreh"]
[BlackTeam "Gerthe Werne"]
[WhiteTeamCountry "GER"]
[BlackTeamCountry "GER"]

1. d4 e6 2. Nf3 Nf6 3. e3 c5 4. Bd3 d5 5. b3 Nc6 6. 0-0 Qc7 7. a3 cxd4 8. exd4 g6 9. Nbd2 Bg7 10. Bb2 0-0 11. Qe2 Nh5 12. g3 b6 13. Ne5 Bb7 14. f4 Rfe8 15. g4 Nf6 16. Rae1 Nd7 17. Qf2 f6 18. Nxd7 Qxd7 19. Qg3 Rad8 20. Nf3 Qd6 21. Re2 Bc8 22. Rfe1 Rf8 23. Kg2 a6 24. h4 Kh8 25. Rh1 f5 26. g5 Kg8 27. Ne5 Bd7 28. Bxa6 Be8 29. Bd3 Nxe5 30. fxe5 Qc7 31. Rd2 b5 32. Qf4 Qb6 33. Be2 Rc8 34. h5 gxh5 35. Bxh5 Bg6 36. Be2 Kf7 37. Rh3 Rh8 38. Bd3 Bf8 39. Qe3 Be7 40. Kh1 Ra8 41. b4 Ke8 42. Rg2 Kd7 43. Qe2 Rhb8 44. Qd2 Rg8 45. Be2 Raf8 46. Qd3 Re8 47. Bh5 Rg7 48. Bc1 Rc8 49. Bxg6 hxg6 50. Rgh2 Rc4 51. c3 Qc6 52. Bb2 Qc8 53. Rh8 Rg8 54. Rxg8 Qxg8 55. Qg3 Rc8 56. Bc1 Ra8 57. Qh3 Qc8 58. Qd3 Qc6 59. Rh7 Rg8 60. Qh3 Qc4 61. Qe3 Qf1+ 62. Kh2 Rf8 63. Qf4 Qe2+ 64. Kg1 Rc8 65. Bd2 1/2-1/2

[Event "Ruhrgebiet VK3 1112"]
[Site "Nordrheinwestfalen"]
[Date "2012.04.22"]
[Round "9.3"]
[White "Huettemann, Karl Heinz"]
[Black "Krimphoff, Ingo"]
[Result "1/2-1/2"]
[WhiteElo "2085"]
[BlackElo "1846"]
[PlyCount "128"]
[EventDate "2012.09.18"]
[EventType "team-tourn"]
[EventRounds "9"]
[EventCountry "GER"]
[SourceTitle "EXT 2020"]
[Source "ChessBase"]
[SourceDate "2019.10.17"]
[SourceVersion "1"]
[SourceVersionDate "2019.10.17"]
[SourceQuality "1"]
[WhiteTeam "Dortmund SV"]
[BlackTeam "Germania Kupferdreh"]
[WhiteTeamCountry "GER"]
[BlackTeamCountry "GER"]

1. c4 c6 2. Nf3 d5 3. e3 Nf6 4. Nc3 Bg4 5. cxd5 Bxf3 6. gxf3 cxd5 7. Qb3 Qd7 8. d4 Nc6 9. h4 g6 10. Bd2 Bg7 11. Bh3 e6 12. Na4 0-0 13. Nc5 Qe7 14. Rc1 Rab8 15. Nd3 Rfe8 16. Bb4 Nxb4 17. Qxb4 Qxb4+ 18. Nxb4 Bf8 19. Nd3 Bd6 20. Bg2 Rbc8 21. Ke2 Kg7 22. f4 Nh5 23. Bf3 Nf6 24. h5 Rxc1 25. Nxc1 gxh5 26. Nd3 Rc8 27. Kd1 Rc6 28. a3 a5 29. Rg1+ Kf8 30. Rh1 Rc7 31. Bxh5 Nxh5 32. Rxh5 f6 33. f5 e5 34. dxe5 fxe5 35. f6 Rd7 36. Nxe5 Bxe5 37. Rxe5 Kf7 38. Rf5 Ke6 39. Rf4 Rf7 40. Ke2 Rxf6 41. Ra4 b6 42. Rh4 h6 43. f4 Kf7 44. Kd3 Kg6 45. Kd4 Re6 46. Rh3 Rd6 47. Ke5 Rd8 48. f5+ Kg7 49. Rg3+ Kf7 50. Rg6 Re8+ 51. Kd4 Re4+ 52. Kd3 h5 53. Rxb6 Re5 54. Rb5 a4 55. Ra5 Rxf5 56. Rxa4 Kg6 57. Ke2 Kg5 58. Ra8 h4 59. Rg8+ Kh5 60. a4 h3 61. b4 Kh4 62. Rh8+ Kg3 63. Rg8+ Kh4 64. Rh8+ Kg3 1/2-1/2

[Event "Ruhrgebiet VK3 1112"]
[Site "Nordrheinwestfalen"]
[Date "2012.03.25"]
[Round "8"]
[White "Krimphoff, Ingo"]
[Black "Bergmann, Ricardo"]
[Result "1-0"]
[WhiteElo "1846"]
[BlackElo "1780"]
[PlyCount "63"]
[EventDate "2012.09.18"]
[EventType "team-tourn"]
[EventRounds "9"]
[EventCountry "GER"]
[SourceTitle "EXT 2020"]
[Source "ChessBase"]
[SourceDate "2019.10.17"]
[SourceVersion "1"]
[SourceVersionDate "2019.10.17"]
[SourceQuality "1"]
[WhiteTeam "Germania Kupferdreh"]
[BlackTeam "Werl SC 1981"]
[WhiteTeamCountry "GER"]
[BlackTeamCountry "GER"]

1. Nf3 d5 2. c4 d4 3. g3 c5 4. Bg2 Nc6 5. 0-0 Nf6 6. d3 e5 7. e3 dxe3 8. Bxe3 Bd6 9. Nc3 a6 10. Ng5 0-0 11. Nge4 Nxe4 12. Bxe4 f5 13. Bd5+ Kh8 14. f4 exf4 15. Bxf4 Bxf4 16. Rxf4 Bd7 17. Qd2 Qc7 18. Re1 Rae8 19. Rff1 Nd4 20. Bg2 Bc6 21. Nd5 Qd6 22. Rxe8 Rxe8 23. Re1 Rd8 24. Qf2 Rf8 25. Qf4 Qd8 26. Re5 h6 27. Qe3 Re8 28. Ne7 Nc2 29. Nxc6 Rxe5 30. Nxe5 Qf6 31. Qxc5 b6 32. Qe7 1-0

[Event "Ruhrgebiet VK3 1112"]
[Site "Nordrheinwestfalen"]
[Date "2011.12.11"]
[Round "4"]
[White "Krimphoff, Ingo"]
[Black "Schweiger, Udo"]
[Result "1/2-1/2"]
[WhiteElo "1846"]
[BlackElo "1849"]
[PlyCount "53"]
[EventDate "2012.09.18"]
[EventType "team-tourn"]
[EventRounds "9"]
[EventCountry "GER"]
[SourceTitle "EXT 2020"]
[Source "ChessBase"]
[SourceDate "2019.10.17"]
[SourceVersion "1"]
[SourceVersionDate "2019.10.17"]
[SourceQuality "1"]
[WhiteTeam "Germania Kupferdreh"]
[BlackTeam "Ickern"]
[WhiteTeamCountry "GER"]
[BlackTeamCountry "GER"]

1. Nf3 d5 2. c4 e6 3. g3 Nf6 4. Bg2 Be7 5. b3 0-0 6. 0-0 b6 7. Bb2 Bb7 8. d3 Nbd7 9. Nbd2 c5 10. cxd5 Nxd5 11. Rc1 Bf6 12. Qc2 Nb4 13. Qb1 Bxb2 14. Qxb2 Qf6 15. Qxf6 Nxf6 16. a3 Na6 17. Rfd1 Rfd8 18. Nc4 Rac8 19. Nfe5 Bxg2 20. Kxg2 Nd5 21. Rd2 f6 22. Ng4 h5 23. Nge3 Nxe3+ 24. Nxe3 Rd7 25. Rdc2 Rcd8 26. Kf3 Kf7 27. Nf1 1/2-1/2

[Event "Ruhrgebiet VK2 0910"]
[Site "Ruhrgebiet"]
[Date "2010.01.31"]
[Round "6.3"]
[White "Krimphoff, Ingo"]
[Black "Claussen, Uwe"]
[Result "0-1"]
[WhiteElo "2019"]
[BlackElo "1999"]
[PlyCount "150"]
[EventDate "2009.09.06"]
[EventType "team"]
[EventRounds "9"]
[EventCountry "GER"]
[SourceTitle "EXT 2011"]
[Source "ChessBase"]
[SourceDate "2010.11.26"]
[SourceVersion "1"]
[SourceVersionDate "2010.11.26"]
[SourceQuality "1"]
[WhiteTeam "Germania Kupferdreh"]
[BlackTeam "Essen Werden"]
[WhiteTeamCountry "GER"]
[BlackTeamCountry "GER"]

1. e4 e6 2. d4 d5 3. e5 b6 4. c3 Qd7 5. f4 Ba6 6. Bxa6 Nxa6 7. Qd3 Nb8 8. Nf3 c5 9. 0-0 g6 10. Be3 Nc6 11. Nbd2 c4 12. Qe2 Nh6 13. h3 Nf5 14. Bf2 h5 15. Ng5 Be7 16. Ndf3 Bxg5 17. Nxg5 h4 18. Kh2 Kf8 19. Rae1 Qe7 20. Qc2 b5 21. a3 a5 22. Ra1 Kg7 23. Qe2 a4 24. Rfe1 Rh5 25. Qd2 Kf8 26. Rf1 Ke8 27. Rae1 Kd7 28. Re2 Kc7 29. Be1 Nb8 30. Rf3 Nd7 31. Rf1 Rg8 32. Bf2 Nf8 33. Ree1 Nh7 34. Nf3 g5 35. fxg5 Nxg5 36. Nxg5 Rhxg5 37. Rg1 R8g6 38. Qf4 Qd8 39. Re2 Qh8 40. Rc2 Qh7 41. Rd2 Kc6 42. Be1 Qh5 43. Bf2 Qh6 44. Kh1 Rxg2 45. Qxh6 Rxg1+ 46. Bxg1 Rxh6 47. Rf2 Kd7 48. Rf4 Ke7 49. Bf2 f6 50. Kg2 fxe5 51. dxe5 Rh5 52. Kf3 Kf7 53. Rg4 Ng3 54. Rf4+ Ke8 55. Bd4 Rf5 56. Rxf5 Nxf5 57. Bf2 Kd7 58. Kg4 Kc6 59. Kg5 d4 60. cxd4 Kd5 61. Kf6 b4 62. Be1 bxa3 63. bxa3 Nxd4 64. Bxh4 Nf3 65. Bf2 c3 66. Be3 Nxe5 67. Bc1 Nf3 68. Kg6 Ke4 69. Kh5 Kd3 70. Kg4 Kc2 71. Bf4 Nd2 72. h4 Kd1 73. Be5 c2 74. Bb2 Nc4 75. h5 Nxb2 0-1

[Event "Goch op 17th"]
[Site "Goch"]
[Date "2006.10.14"]
[Round "4"]
[White "Witte, Thomas"]
[Black "Krimphoff, Ingo"]
[Result "0-1"]
[WhiteElo "1651"]
[BlackElo "1961"]
[PlyCount "54"]
[EventDate "2006.10.12"]
[EventType "swiss"]
[EventRounds "7"]
[EventCountry "GER"]
[SourceTitle "EXT 2008"]
[Source "ChessBase"]
[SourceDate "2007.11.25"]
[SourceVersion "1"]
[SourceVersionDate "2007.11.25"]
[SourceQuality "1"]

1. e4 d5 2. e5 Bf5 3. f4 e6 4. Nf3 c5 5. Bb5+ Nd7 6. 0-0 Ne7 7. c3 a6 8. Ba4 Nc6 9. Bc2 Bg6 10. d3 Be7 11. Nbd2 b5 12. a3 0-0 13. d4 Rc8 14. Bxg6 hxg6 15. Qe1 cxd4 16. Nxd4 Nxd4 17. cxd4 Rc2 18. Nf3 Qc7 19. Rf2 Rc8 20. Rxc2 Qxc2 21. b4 Nb6 22. Qf2 Qd1+ 23. Qe1 Qb3 24. Bd2 Rc2 25. Bc1 Nc4 26. Nd2 Qc3 27. Nf3 Qxa1 0-1

[Event "Goch op 17th"]
[Site "Goch"]
[Date "2006.10.13"]
[Round "3"]
[White "Krimphoff, Ingo"]
[Black "Lehmann, Heinz Gerd"]
[Result "1/2-1/2"]
[WhiteElo "1961"]
[BlackElo "1643"]
[PlyCount "76"]
[EventDate "2006.10.12"]
[EventType "swiss"]
[EventRounds "7"]
[EventCountry "GER"]
[SourceTitle "EXT 2008"]
[Source "ChessBase"]
[SourceDate "2007.11.25"]
[SourceVersion "1"]
[SourceVersionDate "2007.11.25"]
[SourceQuality "1"]

1. Nf3 c5 2. c4 Nc6 3. d4 cxd4 4. Nxd4 e5 5. Nb3 Nf6 6. Nc3 Bb4 7. Bd2 0-0 8. Nd5 Bxd2+ 9. Qxd2 Ne4 10. Qc2 f5 11. e3 d6 12. Be2 Be6 13. 0-0 Rc8 14. Qd1 Qg5 15. f4 Qd8 16. Bf3 Nf6 17. Qd2 e4 18. Be2 Bxd5 19. cxd5 Ne7 20. Rac1 Qb6 21. Rfd1 Rxc1 22. Rxc1 Rc8 23. Rxc8+ Nxc8 24. Qd4 Qxd4 25. Nxd4 g6 26. h3 h5 27. Kf2 Kf8 28. Bc4 Ke7 29. Nb5 a6 30. Nc3 b5 31. Bb3 Nb6 32. a3 Nbd7 33. Bc2 Nb6 34. Bb3 Nc4 35. a4 Nxb2 36. axb5 Nd3+ 37. Kg3 axb5 38. Nxb5 Ne1 1/2-1/2

[Event "Ruhrgebiet Daehne Cup"]
[Site "Ruhrgebiet"]
[Date "2001.02.17"]
[Round "1"]
[White "Krimphoff, Ingo"]
[Black "Woestmann, Ulrich"]
[Result "1/2-1/2"]
[WhiteElo "1886"]
[BlackElo "2017"]
[PlyCount "150"]
[EventDate "2002.02.17"]
[EventType "k.o."]
[EventRounds "4"]
[EventCountry "GER"]
[SourceTitle "EXT 2024"]
[Source "ChessBase"]
[SourceDate "2023.10.10"]
[SourceVersion "1"]
[SourceVersionDate "2023.10.10"]
[SourceQuality "1"]

1. e4 d6 2. d4 c6 3. Nc3 Nd7 4. f4 g6 5. Nf3 Bg7 6. Be2 e6 7. 0-0 Ne7 8. Be3 d5 9. e5 b6 10. Qd2 a6 11. Bf2 c5 12. a3 Nf5 13. g4 Nxd4 14. Nxd4 cxd4 15. Bxd4 Qc7 16. Rf3 b5 17. Bxb5 axb5 18. Nxb5 Qd8 19. Nd6+ Kf8 20. Qb4 Kg8 21. a4 Bf8 22. Qc3 h5 23. g5 Bxd6 24. exd6 f6 25. gxf6 Kf7 26. Rg3 Ba6 27. Re1 Re8 28. Rxg6 Rg8 29. Rg7+ Rxg7+ 30. fxg7 Qh4 31. Qe3 Re8 32. Kh1 Bc8 33. Rg1 Nf6 34. b4 Ng4 35. Qd2 Bd7 36. a5 Bc6 37. Rb1 e5 38. fxe5 Rxe5 39. Rf1+ Kxg7 40. Bxe5+ Nxe5 41. Rg1+ Kf7 42. Rf1+ Ke8 43. Qf4 d4+ 44. Kg1 Qxf4 45. Rxf4 Kd7 46. Rf5 Nf3+ 47. Kf2 Nxh2 48. Rxh5 Ng4+ 49. Ke1 Kxd6 50. b5 Bf3 51. Rh8 Ne3 52. Kf2 Bd5 53. a6 Nc4 54. Ke2 Kc5 55. Rh5 Nb6 56. Kd3 Na8 57. Rg5 Nb6 58. Rg6 Bc4+ 59. Ke4 Bd5+ 60. Ke5 Nc4+ 61. Kf6 Kxb5 62. a7 Nb6 63. Ke5 Bb7 64. Kxd4 Ba8 65. Rh6 Bf3 66. Ke5 Na8 67. Kd6 Kb6 68. Rf6 Bh1 69. Rf7 Bb7 70. c4 Kxa7 71. c5 Ka6 72. c6 Bc8 73. Rf8 Nb6 74. Kc7 Kb5 75. Rf2 Nd5+ 1/2-1/2

[Event "Goch op 07th"]
[Site "Goch"]
[Date "1996.10.17"]
[Round "1"]
[White "Krimphoff, Ingo"]
[Black "Bock, Juergen"]
[Result "0-1"]
[WhiteElo "1769"]
[BlackElo "2195"]
[PlyCount "80"]
[EventDate "1996.10.17"]
[EventType "swiss"]
[EventRounds "7"]
[EventCountry "GER"]
[SourceTitle "EXT 2000"]
[Source "ChessBase"]
[SourceDate "1999.11.16"]
[SourceVersion "1"]
[SourceVersionDate "1999.11.16"]
[SourceQuality "1"]

1. e4 c6 2. d4 d5 3. Nc3 dxe4 4. Nxe4 Nf6 5. Nxf6+ gxf6 6. Bf4 Bf5 7. Nf3 e6 8. Bd3 Bg6 9. Qe2 Bd6 10. Bg3 Qc7 11. 0-0-0 Nd7 12. Rhe1 0-0-0 13. Nd2 Bxg3 14. fxg3 Kb8 15. Ne4 Bxe4 16. Bxe4 f5 17. Bf3 Rhg8 18. Rd3 Nf6 19. Red1 Ng4 20. Bxg4 Rxg4 21. Qd2 Rdg8 22. Rf1 h5 23. Rf4 b6 24. Rdf3 h4 25. Rxg4 Rxg4 26. Qe3 hxg3 27. Rxg3 f4 28. Qe2 fxg3 29. Qxg4 gxh2 30. Qh4 Kb7 31. Kd2 Qd6 32. c3 c5 33. Ke3 cxd4+ 34. cxd4 Kc6 35. Kf2 h1Q 36. Qxh1 Qxd4+ 37. Kg3 Qxb2 38. Qh5 Qf6 39. Qe2 Qg5+ 40. Kf2 Qc5+ 0-1